<?xml version="1.0" encoding="UTF-8"?>
<collection xmlns="http://www.loc.gov/MARC21/slim">
 <record>
  <leader>01528nam a2200217Ia 4500</leader>
  <controlfield tag="001">CTU_118312</controlfield>
  <controlfield tag="008">210402s9999    xx            000 0 und d</controlfield>
  <datafield tag="020" ind1=" " ind2=" ">
   <subfield code="c">145500</subfield>
  </datafield>
  <datafield tag="082" ind1=" " ind2=" ">
   <subfield code="a">657.7</subfield>
  </datafield>
  <datafield tag="082" ind1=" " ind2=" ">
   <subfield code="b">D513</subfield>
  </datafield>
  <datafield tag="100" ind1=" " ind2=" ">
   <subfield code="a">Phan, Đức Dũng</subfield>
  </datafield>
  <datafield tag="245" ind1=" " ind2="0">
   <subfield code="a">Kế toán thương mại, dịch vụ và kinh doanh xuất nhập khẩu :</subfield>
  </datafield>
  <datafield tag="245" ind1=" " ind2="0">
   <subfield code="b">( Dùng cho sinh viên Cao đẳng, Đại học khối ngành Kinh tế, Tài chính, Ngoại thương, Ngân hàng, Quản trị kinh doanh,... )</subfield>
  </datafield>
  <datafield tag="245" ind1=" " ind2="0">
   <subfield code="c">Phan Đức Dũng</subfield>
  </datafield>
  <datafield tag="260" ind1=" " ind2=" ">
   <subfield code="a">Hà Nội</subfield>
  </datafield>
  <datafield tag="260" ind1=" " ind2=" ">
   <subfield code="b">Thống kê</subfield>
  </datafield>
  <datafield tag="260" ind1=" " ind2=" ">
   <subfield code="c">2006</subfield>
  </datafield>
  <datafield tag="520" ind1=" " ind2=" ">
   <subfield code="a">Sách này giúp cho độc giả thấy được vấn đề quan trọng đối với độc giả không chỉ dừng lại ở sự hiểu biết về công việc công kinh doanh thuần túy mà còn phải biết kinh doanh như thế nào để có hiệu quả, nhất là trong lĩnh vực kinh doanh xuất nhập khẩu, mua bán hàng hóa trong nước và kinh doanh xuất nhập khẩu. Sách được trình bày trong 15 chương, mối chương được bố cục theo 3 nội dung chính : - Muc tiệu học tập - Nội dung chính của chương - Nội dung tóm tắt chương và ví dụ ứng dụng</subfield>
  </datafield>
  <datafield tag="650" ind1=" " ind2=" ">
   <subfield code="a">Accounting,Industrial management</subfield>
  </datafield>
  <datafield tag="904" ind1=" " ind2=" ">
   <subfield code="i">Giang</subfield>
  </datafield>
  <datafield tag="980" ind1=" " ind2=" ">
   <subfield code="a">Trung tâm Học liệu Trường Đại học Cần Thơ</subfield>
  </datafield>
 </record>
</collection>
